<?xml version="1.0" encoding="UTF-8"?><?xml-stylesheet type="text/xsl" href="static/style.xsl"?><OAI-PMH xmlns="http://www.openarchives.org/OAI/2.0/" xmlns:xsi="http://www.w3.org/2001/XMLSchema-instance" xsi:schemaLocation="http://www.openarchives.org/OAI/2.0/ http://www.openarchives.org/OAI/2.0/OAI-PMH.xsd"><responseDate>2026-04-13T06:39:42Z</responseDate><request verb="GetRecord" identifier="oai:www.recercat.cat:10459.1/83825" metadataPrefix="marc">https://recercat.cat/oai/request</request><GetRecord><record><header><identifier>oai:recercat.cat:10459.1/83825</identifier><datestamp>2024-12-05T22:14:37Z</datestamp><setSpec>com_2072_3622</setSpec><setSpec>col_2072_479130</setSpec></header><metadata><record xmlns="http://www.loc.gov/MARC21/slim" xmlns:dcterms="http://purl.org/dc/terms/" xmlns:xsi="http://www.w3.org/2001/XMLSchema-instance" xmlns:doc="http://www.lyncode.com/xoai" xsi:schemaLocation="http://www.loc.gov/MARC21/slim http://www.loc.gov/standards/marcxml/schema/MARC21slim.xsd">
   <leader>00925njm 22002777a 4500</leader>
   <datafield ind2=" " ind1=" " tag="042">
      <subfield code="a">dc</subfield>
   </datafield>
   <datafield ind2=" " ind1=" " tag="720">
      <subfield code="a">Andrés López, Gonzalo</subfield>
      <subfield code="e">author</subfield>
   </datafield>
   <datafield ind2=" " ind1=" " tag="720">
      <subfield code="a">Bellet, Carme</subfield>
      <subfield code="e">author</subfield>
   </datafield>
   <datafield ind2=" " ind1=" " tag="260">
      <subfield code="c">2022-09-20T08:10:52Z</subfield>
   </datafield>
   <datafield ind2=" " ind1=" " tag="260">
      <subfield code="c">2022-09-20T08:10:52Z</subfield>
   </datafield>
   <datafield ind2=" " ind1=" " tag="260">
      <subfield code="c">2022</subfield>
   </datafield>
   <datafield ind2=" " ind1=" " tag="520">
      <subfield code="a">Las áreas urbanas articuladas por ciudades medias han experimentado los&#xd;
crecimientos más intensos del sistema urbano español durante las últimas cuatro décadas.&#xd;
La expansión de estas ciudades hacia sus periferias se ha intensificado en una etapa&#xd;
de fuertes cambios, con el máximo exponente de los crecimientos acontecidos durante&#xd;
la década prodigiosa del boom inmobiliario, entre 1997 y 2007. Como norma general,&#xd;
durante este período las ciudades medias han incrementado leve o moderadamente su&#xd;
población, pero han multiplicado exponencialmente su parque inmobiliario y su superficie&#xd;
urbanizada. Ello ha supuesto la alteración de sus tradicionales estructuras, en&#xd;
general relativamente compactas y densas hasta el momento, abriendo el debate sobre&#xd;
la configuración de espacios urbanos dispersos y fragmentados. En la última década, los&#xd;
crecimientos se han ralentizado y se ha planteado la aparición de un urbanismo más contenido,&#xd;
que reconsidere la pauta de la clasificación masiva de nuevos suelos urbanizables.&#xd;
Sin embargo, el análisis del planeamiento municipal reciente plantea una contradicción&#xd;
en el modelo, ya que parece persistir la expectativa urbanizadora. De hecho, la estrategia&#xd;
urbanística en ciudades medias parece seguir centrada en propuestas de extensión.</subfield>
   </datafield>
   <datafield ind2=" " ind1=" " tag="520">
      <subfield code="a">Urban areas articulated by medium-sized cities have experienced the most&#xd;
intense growth in the Spanish urban system during the last four decades. The expansion&#xd;
of these cities towards their peripheries has intensified in a period of strong changes, with the maximum exponent of the growth that occurred during the prodigious decade&#xd;
of the real estate boom, between 1997 and 2007. As a general rule, during this period&#xd;
medium-sized cities have their population increased slightly or moderately, but they&#xd;
have exponentially multiplied their housing stock and their urbanized area. This has&#xd;
meant the alteration of their traditional structures, generally relatively compact and&#xd;
dense, opening the debate on the configuration of sprawl and fragmented urban spaces.&#xd;
In the last decade, growth has slowed down and the appearance of a more contained&#xd;
urbanism has been proposed, which reconsiders the pattern of the massive classification&#xd;
of new developable land. However, the analysis of recent municipal planning raises a&#xd;
contradiction in the model, since the urbanization expectation seems to persist. In fact,&#xd;
the urban strategy in medium-sized cities it seems to continue to focus on extension&#xd;
proposals.</subfield>
   </datafield>
   <datafield ind1="8" ind2=" " tag="024">
      <subfield code="a">http://hdl.handle.net/10459.1/83825</subfield>
   </datafield>
   <datafield tag="653" ind2=" " ind1=" ">
      <subfield code="a">Ciudades medias</subfield>
   </datafield>
   <datafield tag="653" ind2=" " ind1=" ">
      <subfield code="a">Urbanismo</subfield>
   </datafield>
   <datafield tag="653" ind2=" " ind1=" ">
      <subfield code="a">Planeamiento urbanístico</subfield>
   </datafield>
   <datafield tag="653" ind2=" " ind1=" ">
      <subfield code="a">Modelo urbano</subfield>
   </datafield>
   <datafield tag="653" ind2=" " ind1=" ">
      <subfield code="a">Crecimiento urbano</subfield>
   </datafield>
   <datafield tag="653" ind2=" " ind1=" ">
      <subfield code="a">Medium-sized cities</subfield>
   </datafield>
   <datafield tag="653" ind2=" " ind1=" ">
      <subfield code="a">Urbanism</subfield>
   </datafield>
   <datafield tag="653" ind2=" " ind1=" ">
      <subfield code="a">Urban planning</subfield>
   </datafield>
   <datafield tag="653" ind2=" " ind1=" ">
      <subfield code="a">Urban model</subfield>
   </datafield>
   <datafield tag="653" ind2=" " ind1=" ">
      <subfield code="a">Urban growth</subfield>
   </datafield>
   <datafield ind2="0" ind1="0" tag="245">
      <subfield code="a">El planeamiento urbanístico y la transformación reciente de las ciudades medias españolas (1979-2019)</subfield>
   </datafield>
   <datafield ind2="0" ind1="0" tag="245">
      <subfield code="a">Urban planning and the recent transformation of medium-sized Spanish cities (1979-2019)</subfield>
   </datafield>
</record></metadata></record></GetRecord></OAI-PMH>